| 000 | 01249cam a2200337 a 4500 | ||
|---|---|---|---|
| 999 |
_c6 _d6 |
||
| 001 | 14834066 | ||
| 003 | Nust | ||
| 005 | 20170413122556.0 | ||
| 008 | 070504s2008 njuab b 001 0 eng | ||
| 010 | _a 2007019018 | ||
| 020 | _a9780131481930 | ||
| 020 | _a0131481932 | ||
| 035 | _a(OCoLC)124074982 | ||
| 035 | _a(OCoLC)ocn124074982 | ||
| 040 |
_aDLC _cDLC _dYDX _dBAKER _dBTCTA _dYDXCP _dUKM _dDLC |
||
| 050 | 0 | 0 |
_aTD145 _b.M33 2008 |
| 082 | 0 | 0 |
_a628 MAS _222 |
| 100 | 1 | _aMasters, Gilbert M. | |
| 245 | 1 | 0 |
_aIntroduction to Environmental Engineering and Science / _cGilbert M. Masters, Wendell P. Ela. |
| 250 | _a3rd ed. | ||
| 260 |
_aUpper Saddle River, N.J. : _bPrentice Hall, _cc2008. |
||
| 300 |
_axii, 708 p. : _bill., maps ; _c25 cm. |
||
| 500 | _aP.B | ||
| 504 | _aIncludes bibliographical references (p. 683-685) and index. | ||
| 650 | 0 | _aEnvironmental engineering. | |
| 650 | 0 | _aEnvironmental sciences. | |
| 700 | 1 | _aEla, Wendell. | |
| 856 | 4 | 1 |
_3Table of contents only _uhttp://www.loc.gov/catdir/toc/ecip0717/2007019018.html |
| 906 |
_a7 _bcbc _corignew _d1 _eecip _f20 _gy-gencatlg |
||
| 942 |
_2ddc _cBK _k628 MAS |
||